00871nam a22002417a 450000500170000001000130001702000230003003500130005303700160006604000120008208200160009410000330011024500940014326000450023727000490028230000320033150000200036365000330038365000370041694200250045399900190047895201320049720170124110217.0 aA-943828 c600.00a8176480266 aA-943828 bCen Lib/Ret aDPLbEN a363.22bMAH aMahmood Bin Muhammad 939365 aA policeman ponders :cby Mahmood Bin Muhammad bmemories and melodies of a varies life / aNew DelhibA.P.H. publishing housec1999 bNew Delhia5, nsari road, Daryaaganje110002 axxiv,363p.:c21cm(Hb)bill. aIncludes index  aPublic administration 94733 a Police administrationz 939366 2ddccENh363.22mMAH c133955d133955 001040718REFaLbLd2015-07-28eCen Lib/Retg600.00l0o363.22 MAHpA-943828r2015-07-28 00:00:00t1v600.00w2015-07-28yEN